00420 2200169 4500001002100000005001500021008004100036020001800077035001900095041000700114082000800121090001400129100001600143245004100159260003000200300002000230INLIS00000000000011220241224112123241224||||||||| | ||| |||| || |  a979-676-198-X 0010-1224000112 aid0 a330 a330 TIM p0 aTim Ekonomi00aPelajaran Ekonomi Untuk Kelas 1 SLTP aJakartabYudhistirac2000 a120 hlm.; 25 cm